00483nam a22001097a 4500008004100000050002100041100002400062245018200086260004500268300002700313650003300340170114b xxu||||| |||| 00| 0 eng d aNC 730 .Z38 1961 aZaidenberg, Arthur. aNew encyclopedia of drawing , painting, and graphic art :ba complete fundamental book of instruction for hobbyists, art student, and professional artists/cArthur Zaidenberg. aNewYork :bA.s. Barnes & Company,c1961. a222p. :bill. ;c26cm. aDrawingxstudy and teaching.